The Existential Graphs of Charles S. Peirce : (Record no. 590328)

MARC details
000 -LEADER
fixed length control field 00505nam a2200181 a 4500
008 - FIXED-LENGTH DATA ELEMENTS--GENERAL INFORMATION
fixed length control field 251001s1973##################000#0#eng##
020 ## - INTERNATIONAL STANDARD BOOK NUMBER
ISBN 9789027925237
082 04 - DEWEY DECIMAL CLASSIFICATION NUMBER
Classification number 162
Item number ROV
100 1# - MAIN ENTRY--AUTHOR NAME
Personal name Roberts, Don D.,
245 10 - TITLE STATEMENT
Title The Existential Graphs of Charles S. Peirce :
260 ## - PUBLICATION, DISTRIBUTION, ETC. (IMPRINT)
Name of publisher De Gruyter Mouton,
Year of publication 1973.
650 #0 - SUBJECT ADDED ENTRY--TOPICAL TERM
Topical Term Language Arts & Disciplines.
942 ## - ADDED ENTRY ELEMENTS (KOHA)
Koha item type English Books
Holdings
Withdrawn status Lost status Damaged status Not for loan Home library Current library Shelving location Date acquired Full call number Accession Number Price effective from Koha item type
        Anna Centenary Library Anna Centenary Library 3RD FLOOR, A WING 01.10.2025 162 ROV 389445 01.10.2025 English Books

Find us on the map